Mujeres género e historia en América Central durante los siglos XVIII, XIX y XX /

Wedi'i Gadw mewn:
Manylion Llyfryddiaeth
Prif Awdur: Rodríguez Sáenz, Eugenia
Awduron Corfforaethol: Universidad de Costa Rica. Centro de Investigación en Estudios de la Mujer, Universidad de Costa Rica. Escuela de Historia
Fformat: Texto
Cyhoeddwyd: San José: UNIFEM. Oficina Regional de México, Centroamérica, Cuba y república Dominicana. Plumsock Mesoamerican Studies
Pynciau:
Tagiau: Ychwanegu Tag
Dim Tagiau, Byddwch y cyntaf i dagio'r cofnod hwn!

MARC

LEADER 00000 a a2200000 04500
001 28370
003
040 |a CRAI/IIS  |c CRAI/IIS 
020 |a 9977-965-74-9  
090 |a 188310  
100 |a Rodríguez Sáenz, Eugenia  
110 |a Universidad de Costa Rica. Centro de Investigación en Estudios de la Mujer  
245 |a Mujeres género e historia en América Central durante los siglos XVIII, XIX y XX /  |c Universidad de Costa Rica. Centro de Investigación en Estudios de la Mujer  
260 |a San José:   |b UNIFEM. Oficina Regional de México,   |c Centroamérica, Cuba y república Dominicana. Plumsock Mesoamerican Studies  
300 |a 221 p  
650 |a ORGANIZACIONES FEMENINAS  
650 |a PARTICIPACION POLITICA  
650 |a PARTICIPACION SOCIAL  
650 |a SALVADOREÑOS  
650 |a HISTORIA SOCIAL  
710 |a Universidad de Costa Rica. Escuela de Historia  
999 |c 16276  |d 16276